000 00761nam a22002297a 4500
003 OSt
005 20260416123008.0
008 260416b |||||||| |||| 00| 0 eng d
037 _cThesis
040 _aFEDL
_beng
_cFEDL
041 _aeng
_heng
082 _a305.42 MIS/TH
100 _aMishra, Nidhi
_91234907
110 _aUniversity of Delhi. Department of Education
245 _aConstruction of masculinities in schools:
_bAn ethnographic study/
_cby Nidhi Mishra; Supervised by Seema Sarohe.
260 _aUniversity of Delhi
_c2025
300 _axiv, 214p.
650 _aGENDER AND SOCIETY
_91234908
700 _aSarohe, Seema. Supervisor.
_9818983
942 _2ddc
_cTH
_h305.42 MIS/TH
_n0
999 _c1848273
_d1848273